00751nam a22002297a 450000500170000001000110001702000100002803500110003803700160004904000120006508200190007710000210009624501100011724600060022726000430023327000450027630000330032150000610035465000540041565000270046970000250049620170124110241.0 a923572 c00.00 a923572 bCen Lib/Ret aDPLbEN a745.44954bBHA aBhavani, Enakshi aDescriptive designs on stone and wood in india /cby Enakshi Bhavani ; illustrated by Percy B. Bhathenna  b  aBombay bTaraporevala Sons & Co.c1978 bBombay a210, Dr. Dadabhai Naoroji road  aviii, 67p. :c28cm(Hb)bill. aIncludes glossary, bibliographical references and index  aPictorial ornaments on stone -- History -- India  aRichness of Sculpture  aBhathenna, Percy B.